|
|
|
|
| LEADER |
00000nam a22000007a 4500 |
| 005 |
20201230003413.0 |
| 007 |
cr|||| |||| |
| 008 |
201230s2019 br |||||s|||| 00||0 por d |
| 020 |
|
|
|a 978-85-9547-057-6
|
| 035 |
|
|
|a 32536
|
| 040 |
|
|
|a vLex
|
| 090 |
|
|
|c 11024
|d 11024
|
| 100 |
1 |
|
|a do Amaral Loureiro, Gustavo
|
| 245 |
1 |
0 |
|a Como Chegamos Ao Contexto Atual?
|h [Recurso electrn̤ico] :
|b Dilemas e Perspectivas sobre Cin̊cia Polt̕ica e Relaė̳s Internacionais /
|c Gustavo do Amaral Loureiro, Amanda Poton Cavati de Siqueira, Beatriz Bandeira de Mello Souza e Silva, Lorraine Araj︢o Inc̀io, Mariana Pimenta Bueno, Nathl̀ia Dias Lopes
|
| 256 |
|
|
|a Servicio en ln̕ea
|
| 260 |
|
|
|a Belo Horizonte:
|b Initia Via Editora,
|c 2019
|
| 300 |
|
|
|a 1 recurso electrn̤ico
|
| 500 |
|
|
|a A Comissô Organizadora da I Jornada Discente do Programa de Ps̤-Graduaȯ̂ em Cin̊cia Polt̕ica da Universidade Federal do Estado do Rio de Janeiro (PPGCP-UNIRIO) tem o prazer de apresentar a coletńea “Como Chegamos ao Contexto Atual? – Dilemas e Perspectivas sobre Cin̊cia Polt̕ica e Relaė̳s Internacionais”, composto por trabalhos em destaque que foram apresentados durante o evento. Dividido em 4 seė̳s, o livro tem o intuito de discutir o passado, o presente e o futuro dos estudos de Cin̊cia Polt̕ica e Relaė̳s Internacionais, em busca de um debate democrt̀ico e inclusivo sobre os desafios que permeam os campos de conhecimento para a produȯ̂ de um saber mais representativo.
|
| 506 |
1 |
|
|a Disponible solo en los productos indicados
|d vLex Global
|d vLex Global (Academic Edition, excluding Law Schools)
|d vLex Global (U.S. Academic Edition, Law Schools)
|d vLex Global (U.S. Academic Edition, excluding Law Schools)
|d vLex Global (Academic Edition, Law Schools)
|
| 650 |
0 |
4 |
|a Derecho Pb︢lico y Administrativo
|z Brasil
|
| 650 |
0 |
4 |
|a Ciencia polt̕ica
|z Brasil
|
| 700 |
1 |
|
|a Cavati de Siqueira, Amanda Poton
|
| 700 |
1 |
|
|a de Mello Souza e Silva, Beatriz Bandeira
|
| 700 |
1 |
|
|a Araj︢o Inc̀io, Lorraine
|
| 700 |
1 |
|
|a Pimenta Bueno, Mariana
|
| 700 |
1 |
|
|a Dias Lopes, Nathl̀ia
|
| 740 |
0 |
|
|a vLex Libros (Servicio en ln̕ea)
|
| 856 |
4 |
0 |
|u http://vlex.com/source/como-chegamos-ao-contexto-atual-dilemas-e-perspectivas-sobre-ci-ncia-politica-e-rela-es-internacionais-32536
|z Acceso restringido
|
| 942 |
|
|
|c BOOK
|
| 999 |
0 |
|
|a Public and Administrative Law
|
| 999 |
0 |
|
|a Political science
|